00759nam a2200205Ia 4500008004100000050001200041050001600053100002600069245014500095245012200240260003100362260001000393260001000403300001600413300002600429300001100455500005600466650001200522999001900534150520s9999 xx 000 0 und d aQK 861  b.Ag282 2015 aAguda, Shiela Marie . 4aThe antibacterial activity of brassica oleracea var, capitata linn (green cabbage) leaf extract against urinary pathogen escherichia coli /  cShiela Marie S. Aguda, Ma. Margarita D. Alcantara, Rosalyn J. Carpe, Errika Klenn D. Flores, Mark Angel D. Magracia . aLas Piñas, Philippines : bSISC, c2015. a69 pages :  bcolor illustrations ; c28 cm. aIncludes bibliographical references and appendices. aCabbage c284053d284053